000
00236nam a2200097Ia 4500
001
832387
005
20250826172354.0
008
250824s9999 xx 000 0 und d
245
0
_a
DİRİLİŞ
_c
LOKMAN AYDOĞAN
260
_b
BİLGE YAYINLARI
999
_c
832387
_d
832387